000 00391cam a22001217a 4500
008 180718b1979 xxu||||| |||| 00| 0 eng d
082 _aAPPPA 78-79 KAL
100 _aKalyanasundaram, R.
245 _aStudy of district industries centre
_cby R. Kalyanasundaram
260 _aNew Delhi
_bIndian Institute of Public Administration
_c1979
300 _a64p.
650 _aDistrict industries centre
999 _c501167
_d501167